|
|
|
|
| LEADER |
00000nas a2200000 i 4500 |
| 001 |
ssj0000993189 |
| 003 |
WaSeSS |
| 005 |
20200512172242.0 |
| 006 |
m d |
| 007 |
cr n |
| 008 |
090407c19989999bl fr ss 0 0por c |
| 010 |
|
|
|a 2013240228
|
| 016 |
7 |
|
|a 027128865
|2 DE-101
|
| 016 |
7 |
|
|a 2178680-X
|2 DE-600
|
| 022 |
|
|
|a 1519-0617
|l 1519-0617
|
| 035 |
|
|
|a (WaSeSS)ssj0000993189
|
| 040 |
|
|
|a OCLCS
|b eng
|e pn
|c OCLCS
|d OCLCS
|d OCLCQ
|d DEBBG
|d GBVCP
|d OCLCQ
|d IXA
|d OCLCF
|d CUS
|d OCLCO
|d CUS
|d OCLCA
|d AU@
|d WaSeSS
|
| 042 |
|
|
|a pcc
|
| 043 |
|
|
|a s-bl---
|
| 050 |
1 |
4 |
|a P92.B7
|
| 245 |
0 |
0 |
|a Ciber legenda
|h [electronic resource] :
|b revista eletrônica do Programa de Pós-Graduação em Comunicação da Universidade Federal Fluminense.
|
| 246 |
1 |
|
|i Issues for 2010- have title:
|a Ciberlegenda
|
| 246 |
1 |
|
|a Revista Ciberlegenda
|
| 260 |
|
|
|a [Niterói, Rio de Janeiro, Brasil] :
|b PPGCOM, UFF,
|c 1998-
|
| 310 |
|
|
|a Semiannual,
|b 2010-
|
| 321 |
|
|
|a Annual,
|b 1998-2000
|
| 321 |
|
|
|a Irregular,
|b 2001-2009
|
| 362 |
1 |
|
|a Began with N. 01 (1998).
|
| 500 |
|
|
|a Issues after 2010 have also distinctive titles.
|
| 506 |
|
|
|a License restrictions may limit access.
|
| 588 |
|
|
|a Description based on: N. 01 (1998); title from PDF cover (publisher's Web site, viewed Aug. 15, 2013).
|
| 588 |
|
|
|a Latest issue consulted: N. 28 (2013) (viewed Aug. 15, 2013).
|
| 650 |
|
0 |
|a Communication
|z Brazil
|v Periodicals.
|
| 650 |
|
0 |
|a Communication
|v Periodicals.
|
| 650 |
|
0 |
|a Telecommunication
|z Brazil
|v Periodicals.
|
| 650 |
|
0 |
|a Telecommunication
|v Periodicals.
|
| 650 |
|
0 |
|a Mass media
|z Brazil
|v Periodicals.
|
| 650 |
|
0 |
|a Mass media
|v Periodicals.
|
| 650 |
|
0 |
|a Multimedia systems
|v Periodicals.
|
| 650 |
|
7 |
|a Communication.
|2 fast
|0 (OCoLC)fst00869952
|
| 650 |
|
7 |
|a Mass media.
|2 fast
|0 (OCoLC)fst01011219
|
| 650 |
|
7 |
|a Multimedia systems.
|2 fast
|0 (OCoLC)fst01028920
|
| 650 |
|
7 |
|a Telecommunication.
|2 fast
|0 (OCoLC)fst01145830
|
| 651 |
|
7 |
|a Brazil.
|2 fast
|0 (OCoLC)fst01206830
|
| 655 |
|
0 |
|a Electronic journals.
|
| 710 |
2 |
|
|a Universidade Federal Fluminense.
|b Programa de Pós-graduação em Comunicação.
|
| 856 |
4 |
0 |
|z Full text available from Research Library: 01/01/1998 to 01/31/2016
|u https://search.proquest.com/publication/2034136
|